000 00641nam a22002297a 4500
003 UA-OsUOA
001 48154
007 ta
008 20070830b un ||||| |||| 00| 0 ukr d
100 _aМатузова Н.М.
090 _a82.09
_bМ34
942 _cBK
040 _aUA-OsUOA
_brus
_cUA-OsUOA
_dUA-OsUOA
245 _aУ истоков немецкой литературы социалистического реализма
300 _a403 с.
955 _a2
041 _arus
080 _a82.09
260 _aК.
_c1967
650 7 _a82 Література. Літературознавство
_2UDC
999 _c334267
_d334267